000 00359 a2200169 4500
001 171867
020 _a85-281-0082-0
040 _cMagnum
100 _aAbramovich, Fanny
240 1 0 _aPai que é mae
_lpor
245 1 0 _aPai que é mae
300 _a72
362 0 _a1993
440 1 _aSalamandra
697 _aLITERATURA INFANTO-JUVENIL
942 _cBK
999 _c171867
_d171867